| 000 | 00717cam a2200241 i 4500 | ||
|---|---|---|---|
| 999 |
_c2225 _d2225 |
||
| 001 | 1762293 | ||
| 003 | GBCCL | ||
| 005 | 20241126110423.0 | ||
| 008 | 770825s1977 tnua j 000 0 eng | ||
| 010 | _a 76027479 | ||
| 040 |
_aDLC _cDLC _dDLC |
||
| 042 | _alcac | ||
| 050 | 0 | 0 |
_aBV4531.2 _b.H46 |
| 082 | 0 | 0 |
_a241 _bHER |
| 100 | 1 |
_aHerring, Clyde Lee. _94559 |
|
| 245 | 1 | 0 |
_aDetermining my values | _cClyde Lee Herring. |
| 260 |
_aNashville : _bConvention Press, _c1979 |
||
| 300 |
_a152 p. : _c20 cm. |
||
| 520 | _aA youth's conversations with God help to illuminate various aspects of Christian belief. | ||
| 650 | 0 |
_aEthics _xRel _94560 |
|
| 906 |
_a7 _bcbc _corignew _d2 _eocip _f19 _gy-gencatlg |
||
| 942 |
_2ddc _cBK |
||